Словник-конкорданс як особливий тип лексикографічної праці (Запис № 284675)

МАРК-запис
000 -LEADER
fixed length control field 01237nam a22001577a 4500
041 ## - LANGUAGE CODE
Language code of text/sound track or separate title ukr
080 ## - UNIVERSAL DECIMAL CLASSIFICATION NUMBER
Universal Decimal Classification number 09
090 ## - LOCALLY ASSIGNED LC-TYPE CALL NUMBER (OCLC); LOCAL CALL NUMBER (OCLC)
Local cutter number (OCLC) ; Book number/undivided call number, CALL (RLIN) СТР
100 ## - MAIN ENTRY--PERSONAL NAME
Personal name Стрижалко О.О.
245 ## - TITLE STATEMENT
Title Словник-конкорданс як особливий тип лексикографічної праці
260 ## - PUBLICATION, DISTRIBUTION, ETC. (IMPRINT)
Place of publication, distribution, etc Острог
Name of publisher, distributor, etc КАФ
Date of publication, distribution, etc 2009
300 ## - PHYSICAL DESCRIPTION
Extent 48
520 ## - SUMMARY, ETC.
Summary, etc ВСТУП<br/>РОЗДІЛ 1 СПЕЦИФІКА І СТРУКТУРА СЛОВНИКІВ-КОНКОРДАНСІВ, ЇХ МІСЦЕ В УКРАЇНСЬКІЙ ЛЕКСИКОГРАФІЇ<br/>1.1 Місце словників конкордансів в українській лексикографії.<br/>1.2 Історія появи конкордації. Визначення поняття конкордансу, його структура.<br/>РОЗДІЛ 2 КОНКОРДАНС ЯК УПОРЯДКОВАНА ЕЛЕКТРОННА СТРУКТУРА ДАННИХ<br/>2.1 Специфіка роботи із програмою конкорданс.<br/>2.2 Конкордація як прийом у методах дослідження тексту.<br/>ВИСНОВКИ
-- словник-конкорданс, лексикографія
650 ## - SUBJECT ADDED ENTRY--TOPICAL TERM
Topical term or geographic name as entry element Research Papers
942 ## - ADDED ENTRY ELEMENTS (KOHA)
Koha item type Книги
Фонди
Withdrawn status Lost status Source of classification or shelving scheme Damaged status Not for loan Home library Current library Date acquired Source of acquisition Cost, normal purchase price Total Checkouts Full call number Barcode Date last seen Price effective from Koha item type
    Universal Decimal Classification     ВІЛ - Відділ іноземн. літератури НБ ВІЛ - Відділ іноземн. літератури НБ 17/09/2012 Акт №4 1.00   09 214694 20/12/2021 17/09/2012 Книги